Human development in an unequal world /

'Human Development in an Unequal World' examines a range of issues of contemporary relevance such as social sectors, poverty, gender inequality, social exclusion and sustainability from a human development lens. The comprehensive coverage and the integrated framework presented in the ten c...

Full description

Bibliographic Details
Main Authors: Seeta Prabhu, K. (Author), Iyer, Sandhya (Author)
Format: eBook
Language:English
Published: New Delhi : Oxford University Press, 2019.
Edition:First edition.
Subjects:
Online Access:Connect to the full text of this electronic book

MARC

Tag First Indicator Second Indicator Subfields
LEADER 00000cam a2200000 i 4500
001 in00005717321
005 20260319180926.3
006 m o d
007 cr |||||||||||
008 190517t20192019ii fob 001 0 eng d
040 |a STBDS  |b eng  |e rda  |e pn  |c STBDS  |d OCLCO  |d YDXIT  |d OCLCF  |d BRX  |d OH#  |d YDX  |d W2U  |d UBY  |d OCLCQ  |d OCLCO  |d OCLCQ  |d SFB  |d OCLCQ  |d OCLCO  |d OCLCL  |d UKAHL  |d OCLCO  |d OCLCQ  |d OCLCL  |d UKKRT 
019 |a 1100429774  |a 1122766985  |a 1122767206  |a 1481179103 
020 |a 9780199095681  |q (electronic book) 
020 |a 019909568X  |q (electronic book) 
020 |z 0199490244 
020 |z 9780199490240 
020 |a 9780199095667 
020 |a 0199095663 
035 |a (OCoLC)1105224195  |z (OCoLC)1100429774  |z (OCoLC)1122766985  |z (OCoLC)1122767206  |z (OCoLC)1481179103 
043 |a a-ii--- 
050 4 |a HM821  |b .S44 2019 
082 0 4 |a 305  |2 23 
049 |a TXAM 
100 1 |a Seeta Prabhu, K.,  |e author.  |1 https://id.oclc.org/worldcat/entity/E39PCjFY9T3cy6xfcDJGg364YP 
245 1 0 |a Human development in an unequal world /  |c K. Seeta Prabhu, Sandhya S. Iyer. 
250 |a First edition. 
264 1 |a New Delhi :  |b Oxford University Press,  |c 2019. 
264 4 |c ©2019 
300 |a 1 online resource 
336 |a text  |b txt  |2 rdacontent 
337 |a computer  |b c  |2 rdamedia 
338 |a online resource  |b cr  |2 rdacarrier 
347 |a data file 
504 |a Includes bibliographical references and indexes. 
520 8 |a 'Human Development in an Unequal World' examines a range of issues of contemporary relevance such as social sectors, poverty, gender inequality, social exclusion and sustainability from a human development lens. The comprehensive coverage and the integrated framework presented in the ten chapters will enable readers across the globe to arrive at a thorough understanding of the human development approach and apply these frameworks in development practice with a fresh and more relevant perspective. 
521 |a Specialized. 
588 0 |a Online resource; title from digital title page (viewed on June 28, 2019). 
505 0 |a Introduction -- The concept -- Human flourishing and well-being -- Measuring human progress -- Economic growth and human development -- Social sectors in human development -- Deprivation and distribution -- Gender and human development -- Sustainability -- Epilogue. 
650 0 |a Equality. 
650 0 |a Equality  |z India. 
650 0 |a Economic development. 
650 0 |a Economic development  |z India. 
650 0 |a Well-being. 
650 0 |a Health. 
650 2 |a Health 
650 6 |a Développement économique. 
650 6 |a Développement économique  |z Inde. 
650 6 |a Bien-être. 
650 6 |a Santé. 
650 7 |a economic development.  |2 aat 
650 7 |a health.  |2 aat 
650 7 |a comfort (sensation)  |2 aat 
650 7 |a Economic development  |2 fast 
650 7 |a Equality  |2 fast 
650 7 |a Health  |2 fast 
650 7 |a Well-being  |2 fast 
651 7 |a India  |2 fast  |1 https://id.oclc.org/worldcat/entity/E39PBJmdx47cDXrRhBXHtbvPwC 
655 7 |a Electronic books.  |2 local 
700 1 |a Iyer, Sandhya,  |e author.  |1 https://id.oclc.org/worldcat/entity/E39PCjHYhxKY4dqrm9ykhQMK8d 
758 |i has work:  |a Human development in an unequal world (Text)  |1 https://id.oclc.org/worldcat/entity/E39PCFVTD3P9hqt6cHWBCgCrVP  |4 https://id.oclc.org/worldcat/ontology/hasWork 
776 0 8 |i Print version :  |z 9780199490240 
856 4 0 |u http://proxy.library.tamu.edu/login?url=https://academic.oup.com/book/32448  |z Connect to the full text of this electronic book  |t 0 
955 |a Oxford Scholarship Online 
994 |a 92  |b TXA 
999 f f |i a1227cb4-db62-41b5-ab4e-7220fd4d746f  |s 74f9e754-24d7-498a-ad69-fc6a08a8451b  |t 0 
952 f f |a Texas A&M University  |b College Station  |c Electronic Resources  |s www_evans  |d Available Online  |t 0  |e HM821 .S44 2019  |h Library of Congress classification 
998 f f |a HM821 .S44 2019  |t 0  |l Available Online